| 000 | 00672cam a2200241 4500 | ||
|---|---|---|---|
| 001 | J91 | ||
| 008 | 090401t1991 xxu||||| |||| 00| 0 eng d | ||
| 035 | _a(Sirsi) u38129 | ||
| 041 | _aeng | ||
| 050 | _a333.337016 | ||
| 110 |
_aNorthern Ireland Valuation and Lands Office _93198 |
||
| 245 | _aRetail property Belfast: rental index. - November 1990. | ||
| 260 |
_aBelfast _bValuation and Lands Office _c1991 |
||
| 300 | _a(4)p. : ill.,map ; 30cm. | ||
| 350 | _a0 | ||
| 650 | _aNORTHERN IRELAND | ||
| 650 | _aPROPERTY INDEXES | ||
| 650 | _aRENT | ||
| 650 | _aSHOPS | ||
| 690 | _aPROPERTY-COMMERCIAL PROPERTY-RETAIL PROPERTY | ||
| 942 | _n0 | ||
| 948 | _c04/03/1997 | ||
| 999 |
_c90613 _d90613 |
||